[Event "Tbilisi Municipality Cup 2010"]
[Site "?"]
[Date "2010.05.15"]
[Round "1.1"]
[White "Sirbiladze, sulkhan"]
[Black "Mchedlishvili, Mikheil"]
[Result "0-1"]
[WhiteElo "2016"]
[BlackElo "2630"]
[PlyCount "50"]
[EventDate "2010.??.??"]

1. e4 c5 2. Nf3 e6 3. d4 cxd4 4. Nxd4 Nf6 5. Bd3 Nc6 6. Nxc6 bxc6 7. c4 Qc7 8.
O-O Bb7 9. Nc3 c5 10. Qe2 d6 11. f4 Nd7 12. b3 Be7 13. Bb2 O-O 14. Rad1 a6 15.
Bb1 Rad8 16. Rd3 Bf6 17. Rh3 Bd4+ 18. Kh1 g6 19. f5 exf5 20. exf5 Rde8 21. Qd2
Nf6 22. Qh6 Qe7 23. fxg6 fxg6 24. Bxg6 Ng4 25. Bxh7+ Kh8 0-1

[Event "Tbilisi Municipality Cup 2010"]
[Site "?"]
[Date "2010.05.15"]
[Round "1.2"]
[White "Gelashvili, Tamaz"]
[Black "Beraia, Levan"]
[Result "1-0"]
[WhiteElo "2614"]
[BlackElo "1999"]
[PlyCount "77"]
[EventDate "2010.??.??"]

1. e4 c5 2. b3 Nc6 3. Bb2 d6 4. Bb5 Bd7 5. f4 a6 6. Bxc6 Bxc6 7. d3 e6 8. Nf3
Nf6 9. O-O Be7 10. Nbd2 Qc7 11. a4 O-O 12. a5 d5 13. Be5 Qd8 14. Qe1 b5 15.
axb6 Qxb6 16. Kh1 Qb4 17. Bb2 dxe4 18. Ne5 Bb7 19. Ra4 Qb5 20. dxe4 Rfd8 21.
Nec4 Rd7 22. Bc3 Rad8 23. Ra5 Qc6 24. Ne5 Qc7 25. Nxd7 Rxd7 26. Qe2 Rd8 27.
Raa1 Qc6 28. Bxf6 Bxf6 29. e5 Be7 30. Nf3 h6 31. Rfd1 Rxd1+ 32. Rxd1 Qe4 33.
Qxe4 Bxe4 34. Rd7 Kf8 35. Ra7 Ke8 36. Ne1 g5 37. fxg5 Bxg5 38. Rxa6 Bf4 39. Ra4
1-0

[Event "Tbilisi Municipality Cup 2010"]
[Site "?"]
[Date "2010.05.15"]
[Round "1.3"]
[White "Kumsiashvili, Nikoloz"]
[Black "Pantsulaia, Levan"]
[Result "0-1"]
[WhiteElo "1989"]
[BlackElo "2587"]
[PlyCount "104"]
[EventDate "2010.??.??"]

1. d4 Nf6 2. c4 c5 3. d5 e6 4. Nc3 exd5 5. cxd5 d6 6. Nf3 g6 7. e3 Bg7 8. Bc4
O-O 9. O-O Na6 10. h3 Nc7 11. a4 Rb8 12. e4 a6 13. a5 Nd7 14. Bg5 Bf6 15. Bxf6
Qxf6 16. Qd2 b5 17. axb6 Rxb6 18. b3 Nb5 19. Bxb5 axb5 20. Rfe1 Re8 21. Ra8 Ra6
22. Rxa6 Bxa6 23. Qd3 Ne5 24. Nxe5 Qxe5 25. g3 b4 26. Qxa6 bxc3 27. Qc4 Rb8 28.
Re3 Rb4 29. Qxc3 Qxc3 30. Rxc3 Rxe4 31. Rd3 Kg7 32. Kg2 Kf6 33. Rf3+ Ke7 34.
Rd3 f5 35. f4 Kd7 36. Kf3 h5 37. Re3 Rd4 38. Re6 Rxd5 39. Rxg6 Rd3+ 40. Kf2
Rxb3 41. Rh6 c4 42. Rxh5 c3 43. Ke2 c2 44. Kd2 Rc3 45. Kc1 d5 46. Rxf5 Kd6 47.
Re5 d4 48. Re1 d3 49. Kd2 Rb3 50. f5 Rb1 51. Rc1 Ke5 52. g4 Kd4 0-1

[Event "Tbilisi Municipality Cup 2010"]
[Site "?"]
[Date "2010.05.15"]
[Round "1.4"]
[White "Gagunashvili, Merab"]
[Black "Ugulava, Lela"]
[Result "1-0"]
[WhiteElo "2580"]
[BlackElo "1989"]
[PlyCount "103"]
[EventDate "2010.??.??"]

1. d4 Nf6 2. Nf3 e6 3. c4 Bb4+ 4. Nbd2 Ne4 5. g3 b6 6. a3 Nxd2 7. Nxd2 Bb7 8.
f3 Be7 9. e4 f5 10. Bd3 fxe4 11. Nxe4 O-O 12. O-O d5 13. cxd5 exd5 14. Nc3 c5
15. Qc2 h6 16. Ne2 Nc6 17. Be3 cxd4 18. Nxd4 Bc5 19. Qf2 Ne5 20. Qe2 Qf6 21. f4
Nc4 22. Bxc4 Bxd4 23. Bb3 Bxb2 24. Ra2 Bc3 25. Qf3 Rad8 26. Rc2 Kh8 27. Bf2 Bd4
28. Rc7 Bxf2+ 29. Qxf2 Ba8 30. Re1 Rfe8 31. Rxa7 d4 32. Ba4 Rxe1+ 33. Qxe1 d3
34. Qe5 d2 35. Qxf6 gxf6 36. Kf2 Bc6 37. Bd1 Re8 38. Rc7 Re1 39. Rxc6 Rxd1 40.
Ke2 Rh1 41. Kxd2 Rxh2+ 42. Ke3 Rb2 43. Rxf6 Rb3+ 44. Kf2 Kg7 45. Re6 Rxa3 46.
Rxb6 h5 47. Kg2 Ra5 48. Kh3 Kh7 49. Kh4 Kg7 50. Re6 Ra3 51. Re5 Kf6 52. Rg5 1-0

[Event "Tbilisi Municipality Cup 2010"]
[Site "?"]
[Date "2010.05.15"]
[Round "1.5"]
[White "Kekelidze, Nino"]
[Black "Sanikidze, Tornike"]
[Result "0-1"]
[WhiteElo "1983"]
[BlackElo "2569"]
[PlyCount "80"]
[EventDate "2010.??.??"]

1. d4 Nf6 2. c4 g6 3. Nc3 d5 4. Bg5 Ne4 5. Bh4 Nxc3 6. bxc3 dxc4 7. e3 Be6 8.
Nf3 Bg7 9. Rb1 b6 10. Nd2 O-O 11. Be2 c6 12. a4 c5 13. Nxc4 Nc6 14. O-O cxd4
15. exd4 Rc8 16. Rc1 Re8 17. Ne3 Na5 18. Ba6 Ra8 19. Qf3 Bd7 20. Bb5 Rc8 21.
Rfe1 Bxb5 22. axb5 Nc4 23. Ra1 Nxe3 24. Rxe3 Qd7 25. Qe2 e6 26. Qa2 Qxb5 27.
Qxa7 Qb2 28. Rf3 Rc7 29. Qa3 Qxa3 30. Rxa3 Bxd4 31. Bg3 e5 32. h4 Bc5 33. Ra2
f5 34. Re2 Rce7 35. Rd3 Kf7 36. h5 g5 37. Kf1 f4 38. Bh2 g4 39. Re4 Kf6 40. Rd5
Ra8 0-1

[Event "Tbilisi Municipality Cup 2010"]
[Site "?"]
[Date "2010.05.15"]
[Round "1.6"]
[White "Arutinian, David"]
[Black "Gulieva, Sabina"]
[Result "1-0"]
[WhiteElo "2566"]
[BlackElo "1973"]
[PlyCount "69"]
[EventDate "2010.??.??"]

1. d4 d5 2. c4 e6 3. Nf3 Nf6 4. Nc3 b6 5. Bg5 Be7 6. e3 O-O 7. cxd5 Nxd5 8.
Nxd5 exd5 9. Bxe7 Qxe7 10. Rc1 Be6 11. Bd3 h6 12. Bb1 Qb4+ 13. Nd2 Qxb2 14. Rc2
Qb5 15. Rxc7 Na6 16. Rc3 Rfc8 17. Rb3 Qa5 18. O-O Rc3 19. Nf3 Rac8 20. Ne5 Rxb3
21. Qxb3 Rc3 22. Qd1 Nb4 23. f4 f5 24. Qh5 Qb5 25. Bxf5 Bxf5 26. Qf7+ Kh8 27.
Qf8+ Kh7 28. Qxf5+ Kg8 29. Qf7+ Kh7 30. f5 Qe2 31. Qg6+ Kg8 32. f6 Qxe3+ 33.
Kh1 Rc7 34. f7+ Kf8 35. Qd6+ 1-0

[Event "Tbilisi Municipality Cup 2010"]
[Site "?"]
[Date "2010.05.15"]
[Round "1.7"]
[White "Anakidze, Nino"]
[Black "Shanava, konstantine"]
[Result "0-1"]
[WhiteElo "1967"]
[BlackElo "2557"]
[PlyCount "80"]
[EventDate "2010.??.??"]

1. e4 c5 2. Nf3 d6 3. d4 cxd4 4. Nxd4 Nf6 5. Nc3 g6 6. Be3 Bg7 7. Qd2 Ng4 8.
Bg5 h6 9. Bh4 Nc6 10. Nb3 Be6 11. Be2 Rc8 12. O-O g5 13. Bg3 Nge5 14. Nd5 Ng6
15. c3 h5 16. f3 Nce5 17. Nd4 h4 18. Bf2 Bxd5 19. exd5 Nf4 20. Nf5 Bf6 21. Be3
Qa5 22. Rfd1 Kf8 23. Bxf4 gxf4 24. Qxf4 Qb6+ 25. Kf1 Qxb2 26. Rab1 Qc2 27. Nxd6
h3 28. g3 Ng6 29. Qg4 Rxc3 30. Nf5 Ne5 31. Qe4 Qxe4 32. fxe4 e6 33. dxe6 fxe6
34. Nd4 Kf7 35. Rxb7+ Be7 36. Rb3 Rhc8 37. Bh5+ Kf6 38. Rxc3 Rxc3 39. Ke2 Bc5
40. Nf3 Re3+ 0-1

[Event "Tbilisi Municipality Cup 2010"]
[Site "?"]
[Date "2010.05.15"]
[Round "1.8"]
[White "Jojua, Davit"]
[Black "Khaburzania, Shalva"]
[Result "1-0"]
[WhiteElo "2537"]
[BlackElo "1967"]
[PlyCount "39"]
[EventDate "2010.??.??"]

1. d4 d5 2. c4 dxc4 3. Nf3 Nf6 4. e3 c5 5. Bxc4 e6 6. Qe2 cxd4 7. exd4 Be7 8.
O-O O-O 9. Nc3 Nc6 10. Rd1 Nb4 11. Ne5 Nbd5 12. Rd3 Bd7 13. Rg3 g6 14. h4 Nxc3
15. bxc3 Bc6 16. Bh6 Ne4 17. Nxc6 Nxg3 18. Nxe7+ Qxe7 19. fxg3 Rfc8 20. Qe5 1-0

[Event "Tbilisi Municipality Cup 2010"]
[Site "?"]
[Date "2010.05.15"]
[Round "1.9"]
[White "Tsereteli, Kakhaber"]
[Black "Muzychuk, Anna"]
[Result "0-1"]
[WhiteElo "1962"]
[BlackElo "2529"]
[PlyCount "64"]
[EventDate "2010.??.??"]

1. e4 e5 2. Nf3 Nc6 3. Nc3 Nf6 4. d4 exd4 5. Nxd4 Bb4 6. Nxc6 bxc6 7. Bd3 O-O
8. O-O d5 9. exd5 cxd5 10. Bg5 c6 11. Na4 Be6 12. c3 Be7 13. Re1 Qd6 14. Bh4
Rfe8 15. b4 Qc7 16. Bc2 Nd7 17. Bxe7 Rxe7 18. Qd4 Rae8 19. Re3 Nb6 20. Rg3 g6
21. h4 Nxa4 22. Bxa4 Bf5 23. h5 Re4 24. Qf6 Qf4 25. Bxc6 R4e6 26. Qxe6 Rxe6 27.
Bxd5 Re2 28. Rf3 Qe5 29. Bc4 Re4 30. Bd3 Re1+ 31. Rxe1 Qxe1+ 32. Bf1 Be6 0-1

[Event "Tbilisi Municipality Cup 2010"]
[Site "?"]
[Date "2010.05.15"]
[Round "1.10"]
[White "Kotanjian, Tigran"]
[Black "Gvarjaladze, Nugzar"]
[Result "1-0"]
[WhiteElo "2522"]
[BlackElo "1959"]
[PlyCount "36"]
[EventDate "2010.??.??"]

1. d4 d5 2. c4 e6 3. Nc3 c6 4. e4 dxe4 5. Nxe4 Bb4+ 6. Bd2 Qxd4 7. Bxb4 Qxe4+
8. Be2 Na6 9. Ba5 b6 10. Qd6 Bb7 11. Rd1 Nf6 12. Bc3 c5 13. Nf3 Qc6 14. Qg3 Kf8
15. O-O Nb4 16. Ne5 Qe8 17. Nd7+ Nxd7 18. Bxg7+ Ke7 1-0

[Event "Tbilisi Municipality Cup 2010"]
[Site "?"]
[Date "2010.05.15"]
[Round "1.11"]
[White "Pipia, Beka"]
[Black "Benidze, Davit"]
[Result "0-1"]
[WhiteElo "1957"]
[BlackElo "2499"]
[PlyCount "104"]
[EventDate "2010.??.??"]

1. Nf3 Nf6 2. d4 e6 3. e3 c5 4. Bd3 Qc7 5. Nbd2 d5 6. b3 Nc6 7. Bb2 a6 8. c4
cxd4 9. exd4 Nb4 10. Bb1 dxc4 11. bxc4 b5 12. cxb5 axb5 13. O-O Bd6 14. Qe2 Rb8
15. Rc1 Qb6 16. Ne4 Nxe4 17. Bxe4 Bb7 18. Bxb7 Qxb7 19. d5 Nxd5 20. Bxg7 Rg8
21. Be5 Bxe5 22. Qxe5 Ra8 23. g3 b4 24. Ng5 Qb8 25. Qxb8+ Rxb8 26. Ne4 Ke7 27.
Kg2 Ra8 28. Rcb1 Ra3 29. Rb2 h5 30. Nd2 h4 31. Rb3 hxg3 32. hxg3 Rga8 33. Rxa3
Rxa3 34. Nc4 Rc3 35. Na5 Ra3 36. Nc4 Ra4 37. Nb2 Ra6 38. Nd3 Ra3 39. Nc1 Nc3
40. Kf1 Kd6 41. Ke1 Kc5 42. g4 Kd4 43. g5 Kc4 44. Ne2 Rxa2 45. Rxa2 Nxa2 46. g6
fxg6 47. Kd2 e5 48. f3 Nc3 49. Nc1 b3 50. Nd3 Kd4 51. Nb2 Nb1+ 52. Ke2 Na3 0-1

[Event "Tbilisi Municipality Cup 2010"]
[Site "?"]
[Date "2010.05.15"]
[Round "1.13"]
[White "Liparteliani, Akaki"]
[Black "Nigalidze, Gaioz"]
[Result "0-1"]
[WhiteElo "1948"]
[BlackElo "2489"]
[PlyCount "78"]
[EventDate "2010.??.??"]

1. e4 c5 2. Nf3 Nc6 3. d4 cxd4 4. Nxd4 Nf6 5. Nc3 e5 6. Ndb5 d6 7. Bg5 a6 8.
Na3 b5 9. Nd5 Be7 10. Bxf6 Bxf6 11. c3 Ne7 12. Nxf6+ gxf6 13. Nc2 Bb7 14. a4
Bxe4 15. axb5 axb5 16. Bxb5+ Kf8 17. Ne3 Rxa1 18. Qxa1 Rg8 19. Qc1 f5 20. f3
Bb7 21. Qd2 f4 22. Nc4 Nf5 23. Qf2 Nh4 24. Rg1 Bxf3 25. g3 Qa8 26. Kd2 Qd5+ 27.
Kc1 Qxb5 28. Nxd6 Qc6 29. Nxf7 Kxf7 30. Qa7+ Qb7 31. Qc5 Ra8 32. b4 Ra1+ 33.
Kb2 Rxg1 34. Qxg1 Nf5 35. Qc5 Qd5 36. Qc7+ Kg6 37. gxf4 Qd2+ 38. Ka3 Nd6 39.
f5+ Kf6 0-1

[Event "Tbilisi Municipality Cup 2010"]
[Site "?"]
[Date "2010.05.15"]
[Round "1.14"]
[White "Babujian, Levon"]
[Black "Kanjaryan, Vladimir"]
[Result "1-0"]
[WhiteElo "2484"]
[BlackElo "1942"]
[PlyCount "40"]
[EventDate "2010.??.??"]

1. e4 d5 2. exd5 Nf6 3. Nf3 Nxd5 4. Bc4 Bg4 5. Nc3 e6 6. h3 Bh5 7. d3 Be7 8.
Qe2 Nxc3 9. bxc3 O-O 10. g4 Bg6 11. h4 h5 12. Ne5 Bxh4 13. Ba3 Re8 14. Nxg6
fxg6 15. gxh5 Qf6 16. d4 gxh5 17. Qxh5 Qxf2+ 18. Kd1 Nd7 19. Qxh4 Qe3 20. Qh3
Qe4 1-0

[Event "Tbilisi Municipality Cup 2010"]
[Site "?"]
[Date "2010.05.15"]
[Round "1.16"]
[White "Melia, Salome"]
[Black "Barseghyan, Harutyun"]
[Result "1-0"]
[WhiteElo "2466"]
[BlackElo "1939"]
[PlyCount "185"]
[EventDate "2010.??.??"]

1. e4 e5 2. Nf3 Nc6 3. Bb5 a6 4. Ba4 Nf6 5. d3 b5 6. Bb3 Be7 7. O-O d6 8. c3
O-O 9. Re1 Na5 10. Bc2 c5 11. Nbd2 Nc6 12. Nf1 Re8 13. h3 Bf8 14. Bg5 h6 15.
Bxf6 Qxf6 16. Ne3 g6 17. Bb3 Bg7 18. Bd5 Bd7 19. a4 b4 20. a5 Rab8 21. Nd2 Ne7
22. Ndc4 Nc8 23. Rf1 Kh8 24. Nb6 Nxb6 25. axb6 Rxb6 26. Nc4 Rbb8 27. Rxa6 Bf8
28. Ra7 Re7 29. Qd2 bxc3 30. bxc3 Be6 31. Rxe7 Qxe7 32. Bxe6 fxe6 33. f4 exf4
34. Qxf4 e5 35. Qg4 Kh7 36. Ra1 h5 37. Qd1 Bg7 38. Qa4 Qh4 39. Qc2 Qg3 40. Rd1
Rf8 41. Rf1 Rxf1+ 42. Kxf1 Bf6 43. Nxd6 Bh4 44. Qd2 Bg5 45. Qd1 Qf4+ 46. Kg1
Qe3+ 47. Kh1 Bf4 48. Nc4 Qg3 49. Kg1 Qh2+ 50. Kf2 Qg3+ 51. Kf1 Qh2 52. Qe2 Qh1+
53. Kf2 h4 54. Qf1 Qh2 55. Ke2 Qg3 56. Qf2 Qg5 57. Kd1 Qe7 58. Kc2 Kg7 59. Nb2
Qa7 60. Qxh4 c4 61. Qe1 cxd3+ 62. Kxd3 Qa2 63. Kc2 Qa7 64. Qe2 Qc5 65. Nd3 Qb5
66. Nxf4 Qa4+ 67. Kb2 exf4 68. Qd3 Kh6 69. e5 Qa7 70. Qe2 Qb6+ 71. Kc2 Qe6 72.
c4 Qf5+ 73. Kc3 Qb1 74. e6 Qa1+ 75. Kb4 Qb1+ 76. Ka5 Qa1+ 77. Kb5 Qb1+ 78. Kc6
Qb8 79. e7 Qc8+ 80. Kd6 Qb8+ 81. Kd5 Qb7+ 82. Kd4 Qa7+ 83. c5 Qa4+ 84. Ke5 Qd7
85. Kxf4 Qe8 86. Qe5 Qf7+ 87. Kg3 Qe8 88. c6 g5 89. c7 g4 90. hxg4 Kh7 91. Qh5+
Qxh5 92. gxh5 Kh6 93. e8=Q 1-0

[Event "Tbilisi Municipality Cup 2010"]
[Site "?"]
[Date "2010.05.15"]
[Round "1.17"]
[White "Gevorgyan, Maria"]
[Black "Maghalashvili, Davit"]
[Result "0-1"]
[WhiteElo "1939"]
[BlackElo "2461"]
[PlyCount "62"]
[EventDate "2010.??.??"]

1. e4 c5 2. Nc3 a6 3. g3 b5 4. Bg2 Bb7 5. d4 cxd4 6. Qxd4 Nc6 7. Qd1 e6 8. Be3
Qc7 9. Nge2 Nf6 10. h3 Be7 11. f4 d6 12. a3 O-O 13. g4 Nd7 14. g5 Nb6 15. b3 d5
16. exd5 Rad8 17. O-O b4 18. Qe1 exd5 19. Nb1 d4 20. Bc1 Rfe8 21. Nd2 d3 22.
cxd3 Bc5+ 23. Kh1 Nd4 24. Ne4 Nc2 25. Qd2 Nxa1 26. axb4 Bxe4 27. Bxe4 Rxe4 28.
bxc5 Nxb3 29. cxb6 Qb7 30. dxe4 Nxd2 31. Bxd2 Qxe4+ 0-1

[Event "Tbilisi Municipality Cup 2010"]
[Site "?"]
[Date "2010.05.15"]
[Round "1.18"]
[White "Supatashvili, Khvicha"]
[Black "Tsomaia, Sergo"]
[Result "1-0"]
[WhiteElo "2461"]
[BlackElo "1928"]
[PlyCount "53"]
[EventDate "2010.??.??"]

1. d4 d5 2. c4 e6 3. Nf3 Nf6 4. Nc3 Be7 5. Bg5 O-O 6. e3 h6 7. Bh4 Ne4 8. Bxe7
Qxe7 9. cxd5 Nxc3 10. bxc3 exd5 11. c4 Be6 12. Rc1 c6 13. Bd3 dxc4 14. Bxc4 Nd7
15. O-O Bxc4 16. Rxc4 c5 17. Qb3 b6 18. Rfc1 Rfe8 19. h3 Rab8 20. Qb5 a6 21.
Qxa6 Ra8 22. Qb7 Rxa2 23. dxc5 bxc5 24. Rd1 Qe6 25. Qxd7 Ra1 26. Qxe8+ Qxe8 27.
Rxa1 1-0

[Event "Tbilisi Municipality Cup 2010"]
[Site "?"]
[Date "2010.05.15"]
[Round "1.19"]
[White "Gvarjaladze, Tengiz"]
[Black "Bagaturov, Giorgi"]
[Result "0-1"]
[WhiteElo "1925"]
[BlackElo "2453"]
[PlyCount "68"]
[EventDate "2010.??.??"]

1. e4 c5 2. d4 cxd4 3. c3 Nf6 4. e5 Nd5 5. cxd4 d6 6. Nf3 Nc6 7. Nc3 dxe5 8.
dxe5 Ndb4 9. Be2 Qxd1+ 10. Kxd1 Bg4 11. Bd2 Rd8 12. h3 Bxf3 13. Bxf3 g6 14.
Bxc6+ Nxc6 15. f4 Bh6 16. Kc2 Nb4+ 17. Kc1 Nd3+ 18. Kc2 Nxe5 19. Ne4 Nc6 20.
Rae1 O-O 21. h4 Rd5 22. h5 gxh5 23. Ng5 Bxg5 24. fxg5 Rc8 25. Rxh5 Nb4+ 26. Kb3
Rxd2 27. Kxb4 Rxb2+ 28. Ka3 Rb6 29. Rxe7 Rc3+ 30. Ka4 Rc2 31. Ka3 Rxg2 32. Re3
Rb5 33. Reh3 Rbxg5 34. Rxh7 R5g3+ 0-1

[Event "Tbilisi Municipality Cup 2010"]
[Site "?"]
[Date "2010.05.15"]
[Round "1.20"]
[White "Paichadze, Luka"]
[Black "Ahmadov, Vusail K.oglu"]
[Result "1-0"]
[WhiteElo "2452"]
[BlackElo "1922"]
[PlyCount "43"]
[EventDate "2010.??.??"]

1. e4 c5 2. b3 Nc6 3. Bb2 d6 4. Bb5 Bd7 5. f4 Nf6 6. d3 Nd4 7. Bxd7+ Qxd7 8.
Nf3 Nxf3+ 9. Qxf3 Qc6 10. O-O e6 11. Nd2 Be7 12. Qg3 h5 13. e5 h4 14. Qh3 Nh5
15. Ne4 d5 16. Nd6+ Bxd6 17. exd6 d4 18. Rae1 Qxd6 19. f5 O-O-O 20. fxe6 fxe6
21. Rxe6 Qd7 22. Rf7 1-0

[Event "Tbilisi Municipality Cup 2010"]
[Site "?"]
[Date "2010.05.15"]
[Round "1.22"]
[White "Shavtvaladze, Nikoloz"]
[Black "Benidze, Gigla"]
[Result "0-1"]
[WhiteElo "2437"]
[BlackElo "1903"]
[PlyCount "66"]
[EventDate "2010.??.??"]

1. e4 c5 2. Nc3 d6 3. f4 Nc6 4. Nf3 g6 5. Bb5 Bg7 6. O-O e6 7. Bxc6+ bxc6 8. d3
Ne7 9. e5 d5 10. Na4 Qa5 11. c4 Rb8 12. Bd2 Qc7 13. Nxc5 O-O 14. b4 Rd8 15. Qe2
h5 16. a3 Nf5 17. Qf2 Bf8 18. Bc3 Qb6 19. cxd5 Bxc5 20. bxc5 Qb3 21. Rac1 Rxd5
22. Nd2 Qxa3 23. Ne4 Rxd3 24. Qc2 Qa6 25. Rfd1 Rxd1+ 26. Qxd1 Qc4 27. Qd8+ Kg7
28. Qf6+ Kg8 29. Qd8+ Kg7 30. Qf6+ Kg8 31. Rd1 Ba6 32. Nd6 Qxc5+ 33. Bd4 Qxd4+
0-1

[Event "Tbilisi Municipality Cup 2010"]
[Site "?"]
[Date "2010.05.15"]
[Round "1.23"]
[White "Gogishvili, Dea"]
[Black "Azaladze, Shota"]
[Result "0-1"]
[WhiteElo "1902"]
[BlackElo "2432"]
[PlyCount "60"]
[EventDate "2010.??.??"]

1. e4 g6 2. d4 Bg7 3. Nc3 c6 4. f4 d5 5. e5 Nh6 6. Be3 f6 7. Nf3 O-O 8. Be2 Ng4
9. Qd2 fxe5 10. Nxe5 Nxe3 11. Qxe3 Nd7 12. O-O-O Nxe5 13. fxe5 e6 14. h4 c5 15.
h5 Rf5 16. hxg6 h6 17. Rh5 Rxh5 18. Bxh5 cxd4 19. Rxd4 Qg5 20. Nxd5 exd5 21.
Qxg5 hxg5 22. Rxd5 Be6 23. Rb5 b6 24. Bf3 Rd8 25. b3 Bf8 26. a4 Bc5 27. a5 Bd7
28. Bd5+ Kg7 29. Rxc5 bxc5 30. e6 Be8 0-1

[Event "Tbilisi Municipality Cup 2010"]
[Site "?"]
[Date "2010.05.15"]
[Round "1.24"]
[White "khukhashvili, Sopiko"]
[Black "Modebadze, Tarieli"]
[Result "1-0"]
[WhiteElo "2421"]
[BlackElo "1901"]
[PlyCount "61"]
[EventDate "2010.??.??"]

1. e4 e5 2. Nf3 Nc6 3. Bb5 a6 4. Ba4 Nf6 5. O-O b5 6. Bb3 Be7 7. Re1 O-O 8. d3
d6 9. c3 h6 10. h3 Bb7 11. d4 Re8 12. Nbd2 Bf8 13. Bc2 exd4 14. cxd4 Nb4 15.
Bb1 c5 16. d5 a5 17. a3 Na6 18. a4 bxa4 19. Rxa4 Nb4 20. Nf1 Ba6 21. Ng3 Nd7
22. Nf5 c4 23. N3d4 Ne5 24. Re3 Ned3 25. Nxh6+ Kh7 26. Nxf7 Qh4 27. Bxd3 Nxd3
28. Rxd3 cxd3 29. Nf5 Qf6 30. Qh5+ Kg8 31. Ng5 1-0

[Event "Tbilisi Municipality Cup 2010"]
[Site "?"]
[Date "2010.05.15"]
[Round "1.25"]
[White "Nadirashvili, Shalva"]
[Black "Gaprindashvili, Valerian"]
[Result "0-1"]
[WhiteElo "1898"]
[BlackElo "2415"]
[PlyCount "78"]
[EventDate "2010.??.??"]

1. d4 Nf6 2. Nf3 e6 3. g3 b5 4. Bg2 Bb7 5. O-O c5 6. e3 Qb6 7. b3 Be7 8. c4 a6
9. Ba3 d6 10. Nbd2 O-O 11. Rc1 Nc6 12. Re1 Rfe8 13. dxc5 dxc5 14. Qc2 Qa5 15.
cxb5 axb5 16. Bxc5 Nb4 17. Bxb4 Bxb4 18. Red1 Ba3 19. b4 Qa6 20. Rb1 Rac8 21.
Qd3 Red8 22. Qf1 Nd5 23. Ne4 Nxe3 24. Nf6+ gxf6 25. Rxd8+ Rxd8 26. fxe3 Be4 27.
Rd1 Rxd1 28. Qxd1 Qa4 29. Qxa4 bxa4 30. b5 Bc5 31. Nd4 Bb1 32. a3 e5 33. Ne2
Bxe3+ 34. Kh1 Bd3 35. Nc3 Bd4 36. b6 Bxb6 37. Nxa4 Bd4 38. Bc6 e4 39. Kg2 e3
0-1

[Event "Tbilisi Municipality Cup 2010"]
[Site "?"]
[Date "2010.05.15"]
[Round "1.26"]
[White "Khotenashvili, Bela"]
[Black "Pantsulaia, Tornike"]
[Result "1-0"]
[WhiteElo "2410"]
[BlackElo "1897"]
[PlyCount "67"]
[EventDate "2010.??.??"]

1. d4 Nf6 2. Nf3 e6 3. g3 d5 4. Bg2 b6 5. O-O Bb7 6. c4 Be7 7. Qa4+ Qd7 8. Qc2
Qc8 9. Nc3 O-O 10. cxd5 exd5 11. Ng5 Rd8 12. Bh3 Nbd7 13. e4 dxe4 14. Ncxe4
Nxe4 15. Nxe4 c5 16. d5 Bxd5 17. Re1 Bf8 18. Bg5 f6 19. Bxf6 Re8 20. Ng5 g6 21.
Bc3 Qc6 22. Qd3 Bg7 23. Rxe8+ Rxe8 24. Rd1 Bxc3 25. Bxd7 Qxd7 26. bxc3 Rd8 27.
Ne4 Kf7 28. c4 Bc6 29. Qf3+ Qf5 30. Qxf5+ gxf5 31. Rxd8 Bxe4 32. Rd7+ Ke6 33.
Rxa7 Bd3 34. Rxh7 1-0

[Event "Tbilisi Municipality Cup 2010"]
[Site "?"]
[Date "2010.05.15"]
[Round "1.27"]
[White "Samniashvili, Davit"]
[Black "Tsereteli, Tamar"]
[Result "0-1"]
[WhiteElo "1897"]
[BlackElo "2402"]
[PlyCount "106"]
[EventDate "2010.??.??"]

1. e4 c5 2. Nf3 Nc6 3. d4 cxd4 4. Nxd4 Nf6 5. Nc3 e5 6. Ndb5 d6 7. Bg5 a6 8.
Na3 b5 9. Nd5 Be7 10. Nxe7 Nxe7 11. Qd3 Bb7 12. Bxf6 gxf6 13. O-O-O d5 14. exd5
Qxd5 15. Qxd5 Nxd5 16. c4 Nb4 17. cxb5 Nxa2+ 18. Kb1 Nb4 19. bxa6 Be4+ 20. Ka1
Nxa6 21. Bb5+ Kf8 22. f3 Nc7 23. Bc4 Bf5 24. Rd6 Be6 25. Bxe6 Nxe6 26. Rc1 Rg8
27. g3 Nd4 28. Kb1 Ke7 29. Rb6 Rgc8 30. Rxc8 Rxc8 31. f4 Nf3 32. fxe5 fxe5 33.
Nc2 h5 34. Rh6 e4 35. Rxh5 e3 36. Rf5 Nd2+ 37. Kc1 Nb3+ 38. Kd1 Rxc2 39. Re5+
Kf6 40. Rxe3 Rxb2 41. Rf3+ Kg6 42. Ke1 Nd4 43. Rd3 Nf5 44. h3 Rh2 45. g4 Ng7
46. Kf1 Ne6 47. Kg1 Rc2 48. Rf3 Nd4 49. Re3 Kg5 50. Kf1 Kf4 51. Re7 Nf3 52. Re2
Rxe2 53. Kxe2 Ng1+ 0-1

[Event "Tbilisi Municipality Cup 2010"]
[Site "?"]
[Date "2010.05.15"]
[Round "1.29"]
[White "Chkuaseli, Revaz"]
[Black "Tabatadze, Tamar"]
[Result "1/2-1/2"]
[WhiteElo "1888"]
[BlackElo "2390"]
[PlyCount "93"]
[EventDate "2010.??.??"]

1. e4 Nf6 2. e5 Nd5 3. d4 d6 4. c4 Nb6 5. exd6 cxd6 6. Nf3 g6 7. b3 Bg7 8. Bb2
O-O 9. Be2 Nc6 10. O-O Bf5 11. Qd2 d5 12. c5 Nd7 13. b4 Nf6 14. b5 Ne4 15. Qe1
Na5 16. Qb4 b6 17. Nc3 Bxd4 18. Qxd4 bxc5 19. Qa4 Nf6 20. Rfd1 e6 21. Qa3 Qc7
22. Na4 Nd7 23. Rac1 Nb7 24. Nd4 Qf4 25. Nc6 f6 26. Nxc5 Ndxc5 27. Rxc5 Nxc5
28. Qxc5 Rf7 29. Bc1 Qa4 30. Bh6 Qxa2 31. Ne7+ Kh8 32. Bf3 Qc2 33. Qd6 Re8 34.
Rc1 Qb2 35. Nxf5 exf5 36. Qc5 Rfe7 37. Qxe7 Qxc1+ 38. Bxc1 Rxe7 39. Kf1 Rd7 40.
Bb2 Kg7 41. Bd4 Kf7 42. Ke2 Ke6 43. Kd2 Rc7 44. g3 g5 45. Be2 Ke7 46. Bd3 Ke6
47. Be2 1/2-1/2

[Event "Tbilisi Municipality Cup 2010"]
[Site "?"]
[Date "2010.05.15"]
[Round "1.30"]
[White "Chigladze, Iveri"]
[Black "Shengelia, Nikoloz"]
[Result "1-0"]
[WhiteElo "2386"]
[BlackElo "1886"]
[PlyCount "65"]
[EventDate "2010.??.??"]

1. d4 Nf6 2. c4 e6 3. Nc3 Bb4 4. Qc2 O-O 5. a3 Bxc3+ 6. Qxc3 b6 7. Bg5 Bb7 8.
f3 d5 9. e3 Nbd7 10. Nh3 Rc8 11. c5 bxc5 12. dxc5 c6 13. Bf4 Re8 14. Bd6 Nf8
15. Bd3 Ng6 16. O-O Qd7 17. Rad1 Rcd8 18. Nf4 Qc8 19. Qa5 a6 20. Qc3 Nd7 21.
Nxg6 hxg6 22. e4 e5 23. f4 dxe4 24. Bc4 Nf8 25. fxe5 Ne6 26. Rde1 a5 27. Qxa5
Ng5 28. Rf4 Qd7 29. Qc3 Ra8 30. Qg3 Ne6 31. Rfxe4 Ba6 32. Ba2 g5 33. h4 1-0

[Event "Tbilisi Municipality Cup 2010"]
[Site "?"]
[Date "2010.05.16"]
[Round "?"]
[White "Mchedlishvili, Mikheil"]
[Black "Mamedjarova, Zeinab"]
[Result "1-0"]
[WhiteElo "2630"]
[BlackElo "2269"]
[PlyCount "89"]
[EventDate "2010.??.??"]

1. d4 d5 2. c4 dxc4 3. e3 Nf6 4. Bxc4 e6 5. Nf3 a6 6. O-O c5 7. Bb3 Nc6 8. Nc3
cxd4 9. exd4 Na5 10. Bc2 Be7 11. Bg5 O-O 12. Ne5 Nc6 13. Nxc6 bxc6 14. Qd3 g6
15. Rfd1 Nd5 16. Bxe7 Qxe7 17. Ne4 Rb8 18. Bb3 a5 19. Qg3 Rb4 20. Nc5 Rd8 21.
a3 Rb6 22. Rd2 Qc7 23. Qh4 Qe7 24. Qg3 Qc7 25. Qf3 Qb8 26. Rad1 Kg7 27. g3 h5
28. h4 Qc7 29. Bxd5 Rxd5 30. Qc3 Rb5 31. Nd3 Kg8 32. Rc1 Qd8 33. Rcd1 Qb6 34.
Nc5 e5 35. Ne4 exd4 36. Rxd4 Rxd4 37. Rxd4 Rxb2 38. Nf6+ Kf8 39. Qe3 Rb1+ 40.
Kh2 Be6 41. Qh6+ Ke7 42. Ng8+ Ke8 43. Qg5 Qc7 44. Nf6+ Kf8 45. Qc5+ 1-0

[Event "Tbilisi Municipality Cup 2010"]
[Site "?"]
[Date "2010.05.16"]
[Round "?"]
[White "Mamedjarova, Turkan"]
[Black "Gelashvili, Tamaz"]
[Result "1/2-1/2"]
[WhiteElo "2279"]
[BlackElo "2614"]
[PlyCount "91"]
[EventDate "2010.??.??"]

1. e4 d6 2. Nf3 g6 3. Bc4 Bg7 4. O-O e6 5. d4 Ne7 6. e5 O-O 7. Qe2 b6 8. Bf4
Bb7 9. Nbd2 h6 10. Rfe1 Nf5 11. h3 Nd7 12. c3 dxe5 13. Nxe5 Nxe5 14. Bxe5 Bxe5
15. dxe5 Qh4 16. Ne4 Rad8 17. Nf6+ Kg7 18. Bd3 Qg5 19. Be4 Bxe4 20. Qxe4 Rd2
21. Re2 Rxe2 22. Qxe2 Rd8 23. Rd1 Nh4 24. Ng4 Rxd1+ 25. Qxd1 h5 26. g3 Nf5 27.
Nh2 Ne7 28. Nf3 Qf5 29. Kg2 Qe4 30. Qd4 Qa8 31. g4 hxg4 32. hxg4 Qe8 33. Kg3 a5
34. c4 a4 35. Qf4 Ng8 36. Qd4 Qe7 37. a3 Qe8 38. Ng5 Ne7 39. f4 Nc6 40. Qd1 Na5
41. Qh1 Nxc4 42. Qh7+ Kf8 43. Ne4 Qd8 44. Ng5 Qe8 45. Ne4 Qd8 46. Ng5 1/2-1/2